Furniture for the armateur craftsman (Record no. 64368)

MARC details
000 -LEADER
fixed length control field 00399nam a2200145Ia 4500
005 - DATE AND TIME OF LATEST TRANSACTION
control field 20240821152200.0
008 - FIXED-LENGTH DATA ELEMENTS--GENERAL INFORMATION
fixed length control field 240821s9999||||xx |||||||||||||| ||und||
082 ## - DEWEY DECIMAL CLASSIFICATION NUMBER
Classification number 745.51 HAR
100 ## - MAIN ENTRY--PERSONAL NAME
Personal name Harmes, Earl
245 #0 - TITLE STATEMENT
Title Furniture for the armateur craftsman
260 ## - PUBLICATION, DISTRIBUTION, ETC.
Place of publication, distribution, etc. Milwaukee
Name of publisher, distributor, etc. Bruce Publishing Co.
Date of publication, distribution, etc. 1949
300 ## - PHYSICAL DESCRIPTION
Extent 79p
650 ## - SUBJECT ADDED ENTRY--TOPICAL TERM
Topical term or geographic name entry element Arts, Crafts, Music, Sports and Recreations
942 ## - ADDED ENTRY ELEMENTS (KOHA)
Koha item type Book
Holdings
Withdrawn status Lost status Damaged status Not for loan Home library Current library Date acquired Total checkouts Barcode Date last seen Price effective from Koha item type
        Library and Documentation Division NCERT Library and Documentation Division NCERT 08/21/2024   47078 08/21/2024 08/21/2024 Book